|
|
|
|
| LEADER |
00000naa a2200000uu 4500 |
| 001 |
vtls011047371 |
| 003 |
SK-MaSNL |
| 005 |
20260423183020.0 |
| 008 |
210905|2006 xo |||||||||||||||||slo| |
| 015 |
|
|
|a SNBRA
|
| 035 |
|
|
|a (urnnbn)urn:nbn:sk:snk:ar-0093ft
|
| 035 |
|
|
|a (uuid)948a18f4-aad4-4758-94c1-5176d346f943
|
| 035 |
|
|
|a urn:nbn:sk:snk-aauynl
|
| 040 |
|
|
|a SNKBUCL
|b slo
|c SNKBUCL
|e AACR2
|
| 041 |
0 |
|
|a slo
|
| 044 |
|
|
|a xo
|c SK
|
| 100 |
1 |
|
|a Žarnovičanová, Mária
|4 aut
|9 7277
|
| 245 |
1 |
0 |
|a Chronická izolovaná hereditárna makrotrombocytopénia
|c M. Žarnovičanová, A. Wild, E. Bubanská, S. Olvecká, S. Pelikánová
|
| 700 |
1 |
|
|a Wild, A.
|4 aut
|9 175386
|
| 700 |
|
|
|a Bubanská, Eva,
|d 1953-
|4 aut
|9 1116429
|
| 700 |
1 |
|
|a Olvecká, S.
|4 aut
|9 797665
|
| 700 |
1 |
|
|a Pelikánová, Silvia
|4 aut
|9 797666
|
| 773 |
0 |
|
|t XIII. slovensko - česká konferencia o hemostáze a trombóze s medzinárodnou účasťou
|d Bratislava : Univerzita Komenského, 2006
|g S. 52
|z 8022321826
|
| 958 |
|
|
|a OND
|
| 958 |
|
|
|a article12
|
| 958 |
|
|
|a chapter
|
| 999 |
|
|
|c 1262265
|d 1264195
|